<?xml version="1.0" encoding="UTF-8"?>
<record
    xmlns:xsi="http://www.w3.org/2001/XMLSchema-instance"
    xsi:schemaLocation="http://www.loc.gov/MARC21/slim http://www.loc.gov/standards/marcxml/schema/MARC21slim.xsd"
    xmlns="http://www.loc.gov/MARC21/slim">

  <leader>04408cam a22003735i 4500</leader>
  <controlfield tag="001">50526</controlfield>
  <controlfield tag="003">BD-RjUL</controlfield>
  <controlfield tag="005">20211209075525.0</controlfield>
  <controlfield tag="008">160827s1935    gw |    s    |||| 0|ger d</controlfield>
  <datafield tag="035" ind1=" " ind2=" ">
    <subfield code="a">BD-RjUL50646</subfield>
  </datafield>
  <datafield tag="040" ind1=" " ind2=" ">
    <subfield code="d">WaSeSS</subfield>
    <subfield code="a">BD-RjUL</subfield>
    <subfield code="b">eng</subfield>
    <subfield code="c">BD-RjUL</subfield>
  </datafield>
  <datafield tag="041" ind1=" " ind2=" ">
    <subfield code="a">eng</subfield>
  </datafield>
  <datafield tag="072" ind1=" " ind2="7">
    <subfield code="a">PB</subfield>
    <subfield code="2">bicssc</subfield>
  </datafield>
  <datafield tag="072" ind1=" " ind2="7">
    <subfield code="a">MAT000000</subfield>
    <subfield code="2">bisacsh</subfield>
  </datafield>
  <datafield tag="082" ind1="0" ind2="4">
    <subfield code="a">510</subfield>
    <subfield code="2">23</subfield>
    <subfield code="b">KOD 1935 </subfield>
  </datafield>
  <datafield tag="100" ind1="1" ind2=" ">
    <subfield code="a">Koksma, J. F.</subfield>
    <subfield code="9">151344</subfield>
  </datafield>
  <datafield tag="245" ind1="1" ind2="0">
    <subfield code="a">Diophantische Approximationen</subfield>
    <subfield code="c">von J. F. Koksma.</subfield>
  </datafield>
  <datafield tag="260" ind1=" " ind2=" ">
    <subfield code="a">New york : </subfield>
    <subfield code="b">Chelsea publishing company, </subfield>
    <subfield code="c">1935 </subfield>
  </datafield>
  <datafield tag="300" ind1=" " ind2=" ">
    <subfield code="a">157 p. ; </subfield>
    <subfield code="c">21 cm. </subfield>
  </datafield>
  <datafield tag="490" ind1="1" ind2=" ">
    <subfield code="a">Ergebnisse der Mathematik und Ihrer Grenzgebiete ;</subfield>
    <subfield code="v">4</subfield>
  </datafield>
  <datafield tag="505" ind1="0" ind2=" ">
    <subfield code="a">I: Einleitung -- {sect} 1. Allgemeine Fassung der Hauptprobleme -- {sect} 2. Der lineare Fall -- {sect} 3. Bemerkungen zu einigen Methoden -- {sect} 4. Der allgemeine Fall -- II: Die Geometrie der Zahlen. Systeme linearer Formen -- {sect} 1. Die Minkowskische Geometrie der Zahlen -- {sect} 2. Der Minkowskische Linearformensatz -- {sect} 3. Der Minkowskische Satz &#xFFFD;uber inhomogene Linearformen -- {sect} 4. Systeme linearer Formen -- {sect} 5. Die Blicbfeldtsche Methode in der Geometrie der Zahlen -- {sect} 6. Summen von Potenzen linearer Formen. Positiv-definite quadratische Formen -- III: Der homogene lineare Fall (I): Der eindimensionale homogene lineare Fall und die Kettenbr&#xFFFD;uche -- {sect} 1. Die regelm&#xFFFD;assigen Kettenbr&#xFFFD;uche -- {sect} 2. Die Markoff-Hurwitzsche Methode. Die Funktion M(?) -- {sect} 3. Die Borelsche Methode. Verallgemeinerungen des Hurwitzschen Satzes. Die Aufgabe A 2 -- {sect} 4. Die Folgen Fc und Verwandtes. Geometrische Methoden -- {sect} 5. Mengentheoretisches. (Metrische S&#xFFFD;atze) -- IV: Der homogene lineare Fall (II): Irrationalit&#xFFFD;at und Transzendenz -- {sect} 1. Kettenbruch&#xFFFD;ahnliche Algorithmen. Approximationen in komplexen und anderen Zahlk&#xFFFD;orpern -- {sect} 2. Irrationalit&#xFFFD;atsuntersuchungen -- {sect} 3. Das Irrationalit&#xFFFD;atsmass. Anwendung auf Diophantische Gleichungen -- {sect} 4. Transzendenzuntersuchungen -- V: Der homogene lineare Fall (III): Zahlensystem und N&#xFFFD;aherungsform -- {sect} 1. Das Khintchinesche &#xFFFD;Ubertragungsprinzip -- {sect} 2. Die Aufgabe A 2 -- {sect} 3. Simultane Approximationen -- VI: Der eindimensionale inhomogene lineare Fall -- {sect} 1. Vorbemerkungen -- {sect} 2. Klassische Approximationss&#xFFFD;atze und Versch&#xFFFD;arfungen -- {sect} 3. Die Aufgabe A 2 -- VII: Der n-dimensionale inhomogene lineare Fall -- {sect} 1. Inhomogene mid homogene Form -- {sect} 2. Der Kroneckersche Approximationssatz -- VIII: Asymptotische Verteilung reeller Zahlen (mod 1) -- {sect} 1. Verteilungsfunktionen (mod 1) -- {sect} 2. Die allgemeine Definition der Gleichverteilung (mod 1) -- {sect} 3. Das Weylsche Kriterium f&#xFFFD;ur die Gleichverteilung (mod 1) -- {sect} 4. Die elementare Methode Vinogradoffs und die van der Corputsche Versch&#xFFFD;arfung -- {sect} 5. Das Analogon zum Weylschen Kriterium bei anderen Verteilungsfunktionen (mod 1) -- IX: Absch&#xFFFD;atzungen des Fehlergliedes und verwandter Gr&#xFFFD;ossen -- {sect} 1. Vertiefung des Weylschen Ansatzes. Polynome vom Grade k ? 2. Ein allgemeiner Satz -- {sect} 2. Polynome ersten Grades. (Der lineare Fall) -- {sect} 3. Polynome zweiten Grades -- {sect} 4. Summen und Reihen, die denen der Paragraphen 2 und 3 verwandt sind -- {sect} 5. Trigonometrische Summen der Gestalt I (11) f&#xFFFD;ur andere Funktionen f(x) -- {sect} 6. Metrische S&#xFFFD;atze &#xFFFD;uber die Gleichverteilung gewisser Folgen. Asymptotische Verteilung der Ziffern in Dezimalbr&#xFFFD;uchen -- X: Diophantische Ungleichungen -- {sect} 1. Anwendung der Gleichverteilungsmethoden -- {sect} 2. Eine elementare Skolemsche Methode -- {sect} 3. Die van der Corputsche Theorie der rhythmischen Funktionensysteme.</subfield>
  </datafield>
  <datafield tag="506" ind1=" " ind2=" ">
    <subfield code="a">License restrictions may limit access.</subfield>
  </datafield>
  <datafield tag="650" ind1=" " ind2="0">
    <subfield code="a">Mathematics.</subfield>
    <subfield code="9">151345</subfield>
  </datafield>
  <datafield tag="650" ind1="1" ind2="4">
    <subfield code="a">Mathematics.</subfield>
    <subfield code="9">151345</subfield>
  </datafield>
  <datafield tag="650" ind1="2" ind2="4">
    <subfield code="a">Mathematics, general.</subfield>
    <subfield code="9">151346</subfield>
  </datafield>
  <datafield tag="710" ind1="2" ind2=" ">
    <subfield code="a">SpringerLink (Online service)</subfield>
    <subfield code="9">151347</subfield>
  </datafield>
  <datafield tag="773" ind1="0" ind2=" ">
    <subfield code="t">Springer eBooks</subfield>
  </datafield>
  <datafield tag="773" ind1=" " ind2="0">
    <subfield code="t">SpringerLINK eBooks - German Complete Collection (Archive)</subfield>
  </datafield>
  <datafield tag="776" ind1="0" ind2="8">
    <subfield code="i">Printed edition:</subfield>
    <subfield code="z">9783540063001</subfield>
  </datafield>
  <datafield tag="830" ind1=" " ind2="0">
    <subfield code="a">Ergebnisse der Mathematik und Ihrer Grenzgebiete ;</subfield>
    <subfield code="v">4</subfield>
    <subfield code="9">151354</subfield>
  </datafield>
  <datafield tag="856" ind1="4" ind2="0">
    <subfield code="u">http://www.columbia.edu/cgi-bin/cul/resolve?clio11931104</subfield>
    <subfield code="z">Full text available from SpringerLINK eBooks - German Complete Collection (Archive)</subfield>
  </datafield>
  <datafield tag="942" ind1=" " ind2=" ">
    <subfield code="2">ddc</subfield>
    <subfield code="c">BK</subfield>
  </datafield>
  <datafield tag="999" ind1=" " ind2=" ">
    <subfield code="c">50526</subfield>
    <subfield code="d">50526</subfield>
  </datafield>
  <datafield tag="952" ind1=" " ind2=" ">
    <subfield code="0">0</subfield>
    <subfield code="1">0</subfield>
    <subfield code="2">ddc</subfield>
    <subfield code="4">0</subfield>
    <subfield code="7">0</subfield>
    <subfield code="8">NFIC</subfield>
    <subfield code="a">RUCL</subfield>
    <subfield code="b">RUCL</subfield>
    <subfield code="c">Stack</subfield>
    <subfield code="d">1962-12-18</subfield>
    <subfield code="e">Zeetlinger</subfield>
    <subfield code="g">24.00</subfield>
    <subfield code="l">0</subfield>
    <subfield code="o">510 KOD 1935</subfield>
    <subfield code="r">2016-08-27 00:00:00</subfield>
    <subfield code="t">C-2</subfield>
    <subfield code="w">2016-08-27</subfield>
    <subfield code="y">BK</subfield>
  </datafield>
</record>
